| 000 | 00557nam a22001937a 4500 | ||
|---|---|---|---|
| 003 | OSt | ||
| 005 | 20180116183020.0 | ||
| 008 | 151110b xxu||||| |||| 00| 0 eng d | ||
| 020 | _a9788131519059 | ||
| 040 | _c0 | ||
| 082 | _a005.8 AFY 2013 | ||
| 100 | _aHassan A. Afyouni | ||
| 245 |
_aDatabase Security and Auditing _bProtecting Data Integrity and Accessibility _cHassan A. Afyouni |
||
| 260 |
_aIndia _bCengage Learning _c2013 |
||
| 300 |
_a429 p. _bPB |
||
| 440 | _aDatabase Security and Auditing | ||
| 600 | _aHassan A. Afyouni | ||
| 942 |
_2ddc _cBK |
||
| 999 |
_c350540 _d350540 |
||